[Event "Hamburg-chB"]
[Site "Hamburg"]
[Date "2018.05.20"]
[Round "2"]
[White "Englert, Barbara"]
[Black "Blix, Hauke"]
[Result "0-1"]
[WhiteElo "1246"]
[BlackElo "1171"]
[PlyCount "60"]
[EventDate "2018.05.19"]
[EventType "swiss"]
[EventRounds "7"]
[EventCountry "GER"]
[SourceTitle "EXT 2020"]
[Source "ChessBase"]
[SourceDate "2019.10.17"]
[SourceVersion "1"]
[SourceVersionDate "2019.10.17"]
[SourceQuality "1"]

1. e4 c5 2. Nc3 Nc6 3. f4 e5 4. f5 Nf6 5. g3 Be7 6. d3 0-0 7. Bg5 h6 8. Bxf6 Bxf6 9. Bg2 Re8 10. Qh5 Nd4 11. 0-0-0 b5 12. h4 b4 13. Nd5 Bb7 14. Nxf6+ Qxf6 15. b3 a5 16. Kd2 a4 17. Ra1 axb3 18. Ne2 Rxa2 19. Rxa2 bxa2 20. Ra1 Ra8 21. Nc1 Qb6 22. g4 b3 23. cxb3 Nxb3+ 24. Nxb3 Qxb3 25. f6 Qb2+ 26. Ke3 Qxa1 27. g5 Qc1+ 28. Kf2 Qf4+ 29. Bf3 a1Q 30. gxh6 Ra2# 0-1